Statistiken für Schiffe der AIDA Flotte

Klicken Sie hier um das Quiz zu spielen!

Allgemein

  • Dieses Quiz wurde 172 mal gespielt
    (91 seit der letzten Aktualisierung)
  • Das Durchschnittsergebnis liegt bei 9 aus 15

Antwortstatistiken

erstmals Teil
der Flotte
SchiffsklasseSchiff% Korrekt
2010Sphinx (modifiziert)AIDAblu
74%
2018HeliosAIDAnova
74%
2016HyperionAIDAprima
73%
2022HeliosAIDAcosma
71%
2009SphinxAIDAluna
71%
2012Sphinx (modifiziert)AIDAmar
67%
2017HyperionAIDAperla
67%
2013Sphinx (modifiziert)AIDAstella
63%
2008SphinxAIDAbella
62%
2007SphinxAIDAdiva
59%
2011Sphinx (modifiziert)AIDAsol
59%
2002AIDAaura
47%
2002AIDAvitaausgeflottet
45%
1996AIDAcaraausgeflottet
41%
2019AIDAmiraausgeflottet
29%

Verteilung der Resultate

Perzentil nach korrekt beantworteten Fragen

Anzahl Personen mit jedem Resultat

Ihre Resultats-Entwicklung

Sie haben dieses Quiz seit der letzten Aktualisierung nicht gespielt